Normal view
MARC view
- Preparation Salamh, Nour Bani, Amenh Abu-Dames؛ Supervisor Mahmoud AL-Sobh, Co Supervisor Abeer AL-Ghazo
Entry Personal Name
001 - CONTROL NUMBER
- control field: 5824
003 - CONTROL NUMBER IDENTIFIER
- control field: JO-AjAnu
005 - DATE AND TIME OF LATEST TRANSACTION
- control field: 20230606071239.0
008 - FIXED-LENGTH DATA ELEMENTS
- fixed length control field: 230606|| aca||aabn | a|a d
040 ## - CATALOGING SOURCE
- Original cataloging agency: JO-AjAnu
- Transcribing agency: JO-AjAnu
100 ## - HEADING--PERSONAL NAME
- Personal name: Preparation Salamh, Nour Bani, Amenh Abu-Dames؛ Supervisor Mahmoud AL-Sobh, Co Supervisor Abeer AL-Ghazo
670 ## - SOURCE DATA FOUND
- Source citation: Work cat.: (JO-AjAnu)3018: Preparation Salamh, Nour Bani, Amenh Abu-Dames؛ Supervisor Mahmoud AL-Sobh, Co Supervisor Abeer AL-Ghazo, author, EFL Students Perceptions Toward Using Sociol Media at Ajloun National University